Isogram Presidents Quiz Stats

 Plays Quiz Updated Dec 10, 2018

Challenge
Share
Tweet
Embed
Score 0/16 Timer 02:00
0 Plays Today
Presidents % Correct
George W. Bush
95.6%
George H.W. Bush
95.6%
Donald Trump
75.2%
Gerald R. Ford
74%
James K. Polk
69%
James Madison
64.2%
Ulysses S. Grant
63.6%
Andrew Jackson
59.8%
Presidents % Correct
Harry S. Truman
59.7%
John Tyler
56.7%
Woodrow Wilson
52.6%
Zachary Taylor
52.6%
James Garfield
44.7%
Warren G. Harding
42.7%
Rutherford B. Hayes
40.5%
William McKinley
40.4%

You're not logged in!

Compare scores with friends on all Sporcle quizzes.
OR
Log In

You Might Also Like...

Show Comments

Extras

Top Quizzes Today


Score Distribution

Your Account Isn't Verified!

In order to create a playlist on Sporcle, you need to verify the email address you used during registration. Go to your Sporcle Settings to finish the process.

Report this User

Report this user for behavior that violates our Community Guidelines.

Details: